Evropský systém pojištění vkladů a řešení krizí bank: příležitost k rozšíření jednotného mechanismu pro řešení krizí

Finančné a organizačné aspekty Európskeho systému poistenia vkladov a riešenie krízy bánk.

Salvato in:
Dettagli Bibliografici
Autore principale: Marek, Lukáš
Natura: Capitolo di libro
Lingua:ceco
Soggetti:
Tags: Aggiungi Tag
Nessun Tag, puoi essere il primo ad aggiungerne!!

MARC

LEADER 00000naa a2200000 4500
001 0239930
005 20220725082339.8
041 0 |a cze 
044 |a CZ 
245 1 0 |a Evropský systém pojištění vkladů a řešení krizí bank: příležitost k rozšíření jednotného mechanismu pro řešení krizí  |c Lukáš Marek 
520 |a Finančné a organizačné aspekty Európskeho systému poistenia vkladov a riešenie krízy bánk. 
610 2 0 |a poistenie vkladov 
610 2 0 |a stabilita finančná 
610 2 0 |a Európska únia 
610 2 0 |a harmonizácia 
610 2 0 |a kríza banková 
610 2 0 |a rozpočet štátny 
100 1 |a Marek, Lukáš